[Event "Open A"]
[Site "Panevezys"]
[Date "2009.08.20"]
[Round "6.3"]
[White "Malinin, Yuri"]
[Black "Latinis, Marius"]
[Result "1-0"]
[WhiteElo "2319"]
[BlackElo "1967"]
[PlyCount "120"]
[EventDate "2009.08.??"]

1. d4 Nf6 2. c4 g6 3. Nc3 d5 4. Nf3 Bg7 5. Bg5 Ne4 6. cxd5 Nxg5 7. Nxg5 e6 8.
Nf3 exd5 9. e3 O-O 10. b4 c6 11. Qb3 a5 12. b5 Qe7 13. Be2 Bf5 14. O-O Nd7 15.
Rfc1 Rfc8 16. Rd1 Bf8 17. Ne1 Qb4 18. Bd3 a4 19. Qxb4 Bxb4 20. Bxf5 gxf5 21.
bxc6 bxc6 22. Rac1 a3 23. Nd3 Bd6 24. Rb1 Rab8 25. Na4 Rb5 26. Rdc1 Rcb8 27.
Ra1 Nb6 28. Nc3 Ra5 29. Rab1 Raa8 30. Rb3 Nc4 31. Rcb1 Rxb3 32. Rxb3 Rb8 33.
Rxb8+ Bxb8 34. Nb4 Na5 35. Na4 Bd6 36. Nc5 Kf8 37. g3 Ke7 38. Kf1 Kd8 39. Nc2
Nc4 40. Ke2 Kc7 41. h4 Be7 42. Nd3 Kb6 43. Ne5 Nxe5 44. dxe5 Bc5 45. h5 Kb5 46.
Kd3 Ka4 47. Ne1 Bb6 48. Nf3 Bc7 49. Ng5 Bxe5 50. Nxh7 c5 51. Ng5 c4+ 52. Kc2 d4
53. exd4 Bxd4 54. f3 Bf2 55. Nxf7 Bxg3 56. h6 Bh4 57. h7 Bf6 58. h8=Q Bxh8 59.
Nxh8 Kb4 60. Ng6 Kc5 1-0

[Event "Open A"]
[Site "Panevezys"]
[Date "2009.08.20"]
[Round "6.5"]
[White "Viskelis, Steponas"]
[Black "Rogule, Laura"]
[Result "1/2-1/2"]
[WhiteElo "2039"]
[BlackElo "2255"]
[PlyCount "78"]
[EventDate "2009.08.??"]

1. c4 e5 2. Nc3 Nc6 3. g3 g6 4. Bg2 Bg7 5. e3 Nge7 6. Nge2 d6 7. O-O O-O 8. b3
Be6 9. Bb2 Qd7 10. Nd5 Rae8 11. Nxe7+ Rxe7 12. d4 Bh3 13. dxe5 Bxg2 14. Kxg2
Bxe5 15. Bxe5 dxe5 16. Nc3 Rd8 17. Qe2 Kg7 18. Rfd1 Qe8 19. Rxd8 Qxd8 20. Rd1
Rd7 21. Rxd7 Qxd7 22. Qd1 Qxd1 23. Nxd1 Nb4 24. Nc3 c6 25. Kf3 Kf6 26. Ke2 h5
27. Kd2 a5 28. Ne4+ Ke7 29. a3 Na6 30. Kc3 b6 31. b4 axb4+ 32. axb4 Nc7 33. h4
f6 34. Kb3 Ne6 35. Nc3 Nc7 36. Na4 b5 37. cxb5 cxb5 38. Nc3 Ke6 39. e4 g5
1/2-1/2

[Event "Open A"]
[Site "Panevezys"]
[Date "2009.08.20"]
[Round "6.6"]
[White "Apanaviciute, Kristina"]
[Black "Bieliauskas, Marius"]
[Result "1-0"]
[WhiteElo "1986"]
[BlackElo "2144"]
[PlyCount "67"]
[EventDate "2009.08.??"]

1. e4 c5 2. Nc3 e6 3. g3 d5 4. d3 Nf6 5. exd5 exd5 6. Bg2 d4 7. Ne4 Nxe4 8.
dxe4 Nc6 9. Nf3 Bg4 10. h3 Be6 11. O-O Be7 12. Kh2 Qd7 13. a3 O-O 14. b3 h6 15.
Bb2 f5 16. exf5 Bxf5 17. Re1 Bf6 18. Nd2 Rae8 19. Ne4 Bxe4 20. Bxe4 Be5 21. f4
Bc7 22. Qh5 Bb6 23. a4 a6 24. Ba3 Ba5 25. Bd5+ Kh8 26. Bxc5 Bxe1 27. Bxf8 Bxg3+
28. Kxg3 Rxf8 29. Re1 Ne7 30. Be6 Nf5+ 31. Qxf5 Rxf5 32. Bxd7 Rc5 33. Re5 Rc3+
34. Kh4 1-0

[Event "Open A"]
[Site "Panevezys"]
[Date "2009.08.20"]
[Round "6.7"]
[White "Rimeikis, Andrius"]
[Black "Lomonosovas, Vitalijus"]
[Result "0-1"]
[WhiteElo "1988"]
[BlackElo "2115"]
[PlyCount "106"]
[EventDate "2009.08.??"]

1. e4 g6 2. d4 Bg7 3. Nf3 c6 4. Nc3 d5 5. Bf4 Nf6 6. e5 Nfd7 7. e6 fxe6 8. Qd2
O-O 9. Bh6 Qc7 10. Bxg7 Kxg7 11. Ng5 Rf6 12. O-O-O Nf8 13. g3 e5 14. dxe5 Qxe5
15. Re1 Qd6 16. f4 h6 17. Nf3 Be6 18. h4 h5 19. Ng5 Nbd7 20. Rh2 Bg4 21. Be2
Bxe2 22. Rhxe2 Re8 23. Qd4 b6 24. Kb1 Kg8 25. a3 a5 26. Nf3 b5 27. Ne5 b4 28.
axb4 axb4 29. Nd1 c5 30. Qd3 c4 31. Qd4 Qc5 32. Qxc5 Nxc5 33. Ne3 e6 34. Nc6
Ra8 35. Nxb4 Rf7 36. c3 Ne4 37. Rg1 Rfa7 38. Nbc2 Nc5 39. Na3 Rb8 40. Ka2 Nd3
41. Rb1 Rb3 42. Nec2 Rxb2+ 43. Rxb2 Nc1+ 44. Kb1 Nxe2 45. Nb5 Rb7 46. Ncd4 Nxg3
47. Kc1 Rf7 48. Rg2 Nf5 49. Nf3 Ne7 50. Nfd4 Rxf4 51. Ra2 e5 52. Ne2 Rxh4 53.
Ra7 Nf5 0-1

[Event "Open A"]
[Site "Panevezys"]
[Date "2009.08.20"]
[Round "6.8"]
[White "Jakovlev, Juri"]
[Black "Kuvsinov, Anatolij"]
[Result "1-0"]
[WhiteElo "2113"]
[BlackElo "1984"]
[PlyCount "85"]
[EventDate "2009.08.??"]

1. e4 e5 2. Nc3 d6 3. Bc4 Nf6 4. d3 Nc6 5. h3 Be7 6. f4 exf4 7. Bxf4 Ne5 8. Bb3
Ng6 9. Be3 Be6 10. Nf3 O-O 11. O-O a6 12. d4 Bxb3 13. axb3 c6 14. Qd3 Qd7 15.
Rad1 d5 16. e5 Nh5 17. Ng5 Bxg5 18. Bxg5 f6 19. exf6 Nxf6 20. Bxf6 Rxf6 21.
Rxf6 gxf6 22. Rf1 Kg7 23. Ne2 Re8 24. Ng3 Re6 25. Qf3 Qd8 26. h4 Kf7 27. Qg4
Qf8 28. Qg5 Ke8 29. Qg4 Kf7 30. Nf5 Re4 31. Qh5 Kg8 32. c3 Kh8 33. g3 Ne7 34.
Nd6 Re3 35. Kf2 Re6 36. Nxb7 Ng6 37. Nc5 Rd6 38. Qf5 Ne7 39. Qf4 Ng6 40. Qf3 f5
41. Kg2 Rf6 42. h5 Ne7 43. Nd7 1-0

[Event "Open A"]
[Site "Panevezys"]
[Date "2009.08.20"]
[Round "6.9"]
[White "Plunge, Gintautas"]
[Black "Dainauskas, Juozas"]
[Result "0-1"]
[WhiteElo "2130"]
[BlackElo "1938"]
[PlyCount "65"]
[EventDate "2009.08.??"]

1. e4 e6 2. d4 d5 3. Nc3 dxe4 4. Nxe4 Nd7 5. Nf3 Be7 6. Bd3 Ngf6 7. Ng3 b6 8.
Bg5 O-O 9. Qe2 Bb7 10. O-O-O c5 11. c3 Qc7 12. Kb1 Rfe8 13. h4 Bd6 14. Ne4 Nxe4
15. Bxe4 Bxe4+ 16. Qxe4 b5 17. h5 h6 18. Bc1 c4 19. g4 Nf6 20. Qe2 Nxg4 21.
Rdg1 f5 22. Nh4 Bf4 23. f3 Bxc1 24. Kxc1 Nf6 25. Rg6 Re7 26. Kb1 Rae8 27. Qg2
Nxh5 28. Rxh6 Ng3 29. Rh8+ Kxh8 30. Ng6+ Kg8 31. Rh3 f4 32. Qh2 e5 33. dxe5 0-1

[Event "Open A"]
[Site "Panevezys"]
[Date "2009.08.20"]
[Round "6.10"]
[White "Novikovas, Anatolijus"]
[Black "Tsiganova, Monika"]
[Result "1-0"]
[WhiteElo "1916"]
[BlackElo "2190"]
[PlyCount "89"]
[EventDate "2009.08.??"]

1. e4 c5 2. Nf3 d6 3. d4 cxd4 4. Nxd4 Nf6 5. Nc3 a6 6. Bg5 e6 7. f4 Qc7 8. Qf3
b5 9. O-O-O Bb7 10. Bxf6 gxf6 11. Qh5 Qc5 12. f5 Ke7 13. Qh3 Nc6 14. Nb3 Qf2
15. Kb1 Rc8 16. Be2 Ne5 17. Nd4 Rg8 18. fxe6 Qxg2 19. exf7 Rg4 20. Bxg4 Qxg4
21. Qxg4 Nxg4 22. Nf5+ Ke6 23. Rd2 Ne5 24. Nd4+ Kxf7 25. Nd5 Bh6 26. Re2 Nc4
27. Nf5 Bf8 28. Rf1 Rb8 29. b3 Bxd5 30. exd5 Ne5 31. Nd4 Rc8 32. Ne6 Bh6 33.
Re4 Bd2 34. Re2 Bc3 35. Ng5+ Ke7 36. Ne4 b4 37. Rxf6 Rg8 38. Re6+ Kd8 39. Nxc3
bxc3 40. a4 Kd7 41. Rh6 Rg7 42. Rh3 Ng6 43. Rxc3 Nf4 44. Rd2 Rg5 45. Rg3 1-0

[Event "Open A"]
[Site "Panevezys"]
[Date "2009.08.20"]
[Round "6.11"]
[White "Kviliunas, Vladislovas"]
[Black "Beinoraite, Viktorija"]
[Result "0-1"]
[WhiteElo "1908"]
[BlackElo "2072"]
[PlyCount "60"]
[EventDate "2009.08.??"]

1. d4 d5 2. Nf3 Nf6 3. c4 e6 4. Nc3 c6 5. Qc2 Nbd7 6. e4 dxe4 7. Nxe4 Bb4+ 8.
Bd2 Bxd2+ 9. Nexd2 O-O 10. Bd3 c5 11. Nb3 cxd4 12. Nfxd4 e5 13. Nb5 e4 14. Be2
Ne5 15. Rd1 Qe7 16. O-O Bf5 17. Nd6 Bg6 18. Qc3 b6 19. f4 exf3 20. Bxf3 Nxf3+
21. Qxf3 Bh5 22. Nf5 Qe5 23. Qg3 Qxg3 24. Nxg3 Bxd1 25. Rxd1 Rad8 26. Rf1 Rfe8
27. h3 Ne4 28. Nxe4 Rxe4 29. c5 bxc5 30. Nxc5 Re2 0-1

[Event "Open A"]
[Site "Panevezys"]
[Date "2009.08.20"]
[Round "6.12"]
[White "Vaitonis, Vytautas"]
[Black "Vanagas, Tadas"]
[Result "0-1"]
[WhiteElo "2032"]
[BlackElo "1860"]
[PlyCount "60"]
[EventDate "2009.08.??"]

1. Nf3 d5 2. d4 Nf6 3. c4 c6 4. cxd5 cxd5 5. Nc3 Nc6 6. Bf4 e6 7. e3 Be7 8. Bd3
a6 9. h3 O-O 10. Rc1 b6 11. O-O Bb7 12. Qe2 b5 13. a4 b4 14. Nb1 Qb6 15. b3
Rac8 16. Nbd2 Na5 17. Ne5 Rc3 18. Rb1 h6 19. Bg3 Bd6 20. f4 Bxe5 21. fxe5 Ne4
22. Bxe4 dxe4 23. Nc4 Nxc4 24. bxc4 b3 25. Rfc1 Rxc1+ 26. Rxc1 Bc6 27. Qd2 Bxa4
28. d5 exd5 29. cxd5 Bd7 30. Kh2 a5 0-1

[Event "Open A"]
[Site "Panevezys"]
[Date "2009.08.20"]
[Round "6.13"]
[White "Narva, Triin"]
[Black "Petraitis, Gintautas"]
[Result "1/2-1/2"]
[WhiteElo "1865"]
[BlackElo "2028"]
[PlyCount "161"]
[EventDate "2009.08.??"]

1. e4 c5 2. Nf3 e6 3. d4 cxd4 4. Nxd4 Nf6 5. Nc3 Nc6 6. Ndb5 d6 7. Bg5 a6 8.
Bxf6 gxf6 9. Nd4 Bg7 10. Nxc6 bxc6 11. Bd3 Qa5 12. O-O Rb8 13. Qg4 Qg5 14. Qe2
O-O 15. Nd1 a5 16. f4 Qc5+ 17. Kh1 Rd8 18. Rf3 f5 19. exf5 exf5 20. Rg3 Kf8 21.
Qh5 Re8 22. Nc3 Bxc3 23. bxc3 Qxc3 24. Qh6+ Ke7 25. Re3+ Be6 26. Rae1 Kd7 27.
Qxh7 Qf6 28. Rxe6 Rxe6 29. Bxf5 Kc7 30. Bxe6 Qxe6 31. Qh4 Qd7 32. h3 Re8 33.
Rb1 Qe6 34. Qf2 Qe3 35. Kg1 Re4 36. Qxe3 Rxe3 37. Kf2 Rc3 38. Rb2 a4 39. a3
Rxa3 40. h4 f5 41. h5 Ra1 42. h6 Rh1 43. Ra2 Rxh6 44. Rxa4 Kb6 45. Kf3 Kb5 46.
Ra3 d5 47. Rb3+ Kc4 48. Ke3 Rg6 49. Kf3 c5 50. g3 d4 51. Ke2 Re6+ 52. Kd2 Rh6
53. Ke2 Rh2+ 54. Kd1 Rg2 55. Ra3 Kd5 56. Rb3 Ke4 57. Rb5 Rxg3 58. Rxc5 Kxf4 59.
Rc7 Ra3 60. Rd7 Ke4 61. Re7+ Kf3 62. Rh7 Ra4 63. Rh3+ Kg2 64. Rh4 Kg3 65. Rh8
f4 66. Rg8+ Kf2 67. Kd2 f3 68. Rg4 Kf1 69. Rg3 f2 70. Rg4 Rc4 71. Rg3 Rc3 72.
Rg5 Rh3 73. Rg4 Rh2 74. Kd3 Rg2 75. Rf4 Kg1 76. Kxd4 f1=Q 77. Rxf1+ Kxf1 78. c4
Rd2+ 79. Ke5 Ke2 80. c5 Kd3 81. c6 1/2-1/2

[Event "Open A"]
[Site "Panevezys"]
[Date "2009.08.20"]
[Round "6.14"]
[White "Kasperavicius, Jokubas"]
[Black "Rudys, Mantas"]
[Result "1/2-1/2"]
[WhiteElo "1972"]
[BlackElo "1799"]
[PlyCount "95"]
[EventDate "2009.08.??"]

1. e4 c5 2. Nc3 Nc6 3. g3 Nf6 4. Bg2 e6 5. Nge2 d5 6. exd5 exd5 7. d4 Bf5 8.
Be3 c4 9. Nf4 Bb4 10. O-O Bxc3 11. bxc3 O-O 12. h3 Be4 13. Nh5 Bxg2 14. Nxf6+
Qxf6 15. Kxg2 Ne7 16. Qf3 Qg6 17. Rab1 b6 18. Rb2 Rad8 19. Bf4 h5 20. a4 Nf5
21. Kh2 Rfe8 22. a5 Re6 23. axb6 Rxb6 24. Rxb6 axb6 25. Bc7 Rd7 26. Bxb6 Nxg3
27. fxg3 Qxb6 28. Qf5 Qe6 29. Qxh5 Re7 30. Rf2 Qe3 31. Kg2 Qe4+ 32. Qf3 Qe3 33.
Qxd5 Qe4+ 34. Qxe4 Rxe4 35. Kf3 Re1 36. Re2 Rf1+ 37. Ke4 Rg1 38. Re3 Ra1 39.
Kd5 Ra4 40. Kc5 g5 41. Kb5 Ra2 42. Re2 f5 43. Rf2 g4 44. hxg4 fxg4 45. Rf4 Rxc2
46. Rxg4+ Kf7 47. Kxc4 Ke6 48. Kd3 1/2-1/2

[Event "Open A"]
[Site "Panevezys"]
[Date "2009.08.20"]
[Round "6.17"]
[White "Upmanis, Gustavs"]
[Black "Vaicekauskas, Gytis"]
[Result "1/2-1/2"]
[WhiteElo "2004"]
[BlackElo "1878"]
[PlyCount "62"]
[EventDate "2009.08.??"]

1. e4 e5 2. Nf3 Nc6 3. Bc4 Nf6 4. d3 Be7 5. c3 d6 6. O-O Bg4 7. Re1 O-O 8. Nbd2
Na5 9. Bb5 a6 10. Ba4 b5 11. Bc2 c5 12. Nf1 Re8 13. Ng3 g6 14. h3 Bd7 15. Bh6
Nc6 16. Bb3 Na5 17. Ng5 c4 18. dxc4 bxc4 19. Bc2 Nc6 20. Qe2 Na5 21. b4 cxb3
22. axb3 Qc7 23. Qd2 Rec8 24. c4 Nc6 25. Nf3 a5 26. Ne2 Nb4 27. Bb1 Qb7 28. Nc3
a4 29. Nb5 Bxb5 30. Qxb4 Bc6 31. Qxb7 Bxb7 1/2-1/2

[Event "Open A"]
[Site "Panevezys"]
[Date "2009.08.20"]
[Round "6.18"]
[White "Ralys, Vincas"]
[Black "Barsciauskas, Gintautas"]
[Result "1/2-1/2"]
[WhiteElo "1868"]
[BlackElo "1964"]
[PlyCount "21"]
[EventDate "2009.08.??"]

1. e4 d6 2. d4 Nd7 3. Nf3 e5 4. Nc3 c6 5. Bc4 Be7 6. O-O Ngf6 7. a4 O-O 8. h3
b6 9. Ng5 exd4 10. Bxf7+ Rxf7 11. Ne6 1/2-1/2

[Event "Open A"]
[Site "Panevezys"]
[Date "2009.08.20"]
[Round "6.20"]
[White "Stremavicius, Titas"]
[Black "Juciute, Einora"]
[Result "1-0"]
[WhiteElo "1791"]
[BlackElo "1822"]
[PlyCount "111"]
[EventDate "2009.08.??"]

1. c4 Nf6 2. g3 c5 3. Nc3 Nc6 4. Bg2 e6 5. e3 d5 6. cxd5 exd5 7. d4 c4 8. Nge2
Bg4 9. O-O Qd7 10. Re1 Nb4 11. Rf1 Bf5 12. Bd2 Bd6 13. a3 Nd3 14. Nxd5 Nxd5 15.
Bxd5 Nxb2 16. Qc1 Na4 17. Qxc4 Nb6 18. Qb3 Nxd5 19. Qxd5 Rc8 20. Bb4 Bxb4 21.
Qxd7+ Kxd7 22. axb4 Bd3 23. Rfe1 a6 24. Nf4 Be4 25. Rac1 g5 26. Ne2 h5 27. Nc3
Bf3 28. Na4 Rc6 29. Nc5+ Kc7 30. Rc3 h4 31. Rec1 hxg3 32. fxg3 Rh3 33. e4 g4
34. Nxa6+ Kb6 35. Nc5 Rch6 36. R3c2 Kb5 37. e5 Kc6 38. Rd2 Rxg3+ 39. hxg3 Rh1+
40. Kf2 Rxc1 41. Ke3 Kb5 42. d5 Rc3+ 43. Kf4 Rc4+ 44. Kg5 Kxb4 45. d6 Bc6 46.
d7 Bxd7 47. Nxd7 Kc3 48. Rd5 Rb4 49. Kf6 Kc4 50. Rd6 b5 51. Kxf7 Rb3 52. e6
Rxg3 53. e7 Rf3+ 54. Nf6 g3 55. e8=Q g2 56. Qe4+ 1-0

[Event "Open A"]
[Site "Panevezys"]
[Date "2009.08.20"]
[Round "6.21"]
[White "Zebelis, Rimantas"]
[Black "Voroblievas, Arturas"]
[Result "1-0"]
[WhiteElo "1982"]
[BlackElo "1868"]
[PlyCount "59"]
[EventDate "2009.08.??"]

1. d4 d5 2. c4 c6 3. Nf3 Nf6 4. e3 e6 5. a3 Nbd7 6. Nc3 Bd6 7. Qc2 O-O 8. b4
dxc4 9. Bxc4 e5 10. O-O Re8 11. Bb2 h6 12. dxe5 Nxe5 13. Nxe5 Bxe5 14. f4 Bc7
15. Rad1 Qe7 16. Rde1 Bb6 17. Bc1 Ng4 18. Nd1 Qh4 19. h3 Nf6 20. f5 a5 21. Nf2
Nh5 22. Ng4 Ng3 23. Rf4 Nxf5 24. Ref1 Qe7 25. Rxf5 Bxf5 26. Qxf5 Rf8 27. Bd3 f6
28. Qg6 axb4 29. Nxh6+ Kh8 30. Qh7# 1-0

[Event "Open A"]
[Site "Panevezys"]
[Date "2009.08.21"]
[Round "7.1"]
[White "Grabliauskas, Virginijus"]
[Black "Apanaviciute, Kristina"]
[Result "1-0"]
[WhiteElo "2409"]
[BlackElo "1986"]
[PlyCount "155"]
[EventDate "2009.08.??"]

1. d4 Nf6 2. c4 e6 3. g3 d5 4. Nf3 c6 5. Bg2 Bd6 6. O-O Nbd7 7. Nc3 O-O 8. Nd2
e5 9. dxe5 Bxe5 10. cxd5 Bxc3 11. dxc6 Bxd2 12. cxd7 Bxd7 13. Bxd2 Qb6 14. Bc3
Rfd8 15. Qc2 Rac8 16. Qb3 Bc6 17. Qxb6 axb6 18. Rfd1 Nd5 19. Bd4 b5 20. a3 h6
21. e4 Nc7 22. Bb6 Re8 23. Rac1 Ne6 24. f4 Ra8 25. e5 Bxg2 26. Kxg2 g5 27. Kf3
Ra4 28. Be3 Rea8 29. Rd7 b4 30. f5 g4+ 31. Ke2 Ng5 32. e6 fxe6 33. f6 bxa3 34.
bxa3 Rxa3 35. Rcc7 Ra2+ 36. Kd1 Rxh2 37. Bd2 Rf2 38. Rg7+ Kh8 39. Bxg5 Ra1+ 40.
Bc1 Rxf6 41. Rh7+ Kg8 42. Rcg7+ Kf8 43. Rxb7 Kg8 44. Rbg7+ Kf8 45. Rc7 Kg8 46.
Rhg7+ Kf8 47. Rgd7 Ke8 48. Rh7 Kd8 49. Rb7 Kc8 50. Rbf7 Rxf7 51. Rxf7 h5 52.
Re7 Ra6 53. Ke2 Rb6 54. Bf4 Ra6 55. Ke3 Kd8 56. Rh7 Ra3+ 57. Ke4 Ra4+ 58. Ke5
Ra6 59. Kf6 e5+ 60. Kxe5 Ke8 61. Kf5 Ra5+ 62. Kg6 Rb5 63. Rxh5 Rb6+ 64. Kf5 Kf7
65. Rh7+ Kg8 66. Rc7 Kf8 67. Kxg4 Rb5 68. Bd6+ Kg8 69. Kf4 Rd5 70. Be5 Ra5 71.
g4 Kf8 72. g5 Ra4+ 73. Kf5 Ra8 74. g6 Kg8 75. Rg7+ Kf8 76. Rh7 Ra2 77. Rh8+ Ke7
78. Bf6+ 1-0

[Event "Open A"]
[Site "Panevezys"]
[Date "2009.08.21"]
[Round "7.3"]
[White "Narmontas, Raimondas"]
[Black "Kantans, Toms"]
[Result "0-1"]
[WhiteElo "2158"]
[BlackElo "2209"]
[PlyCount "62"]
[EventDate "2009.08.??"]

1. d4 Nf6 2. c3 e6 3. Bg5 c5 4. e3 Nc6 5. Nd2 d5 6. f4 h6 7. Bxf6 Qxf6 8. Ngf3
g5 9. Bb5 gxf4 10. O-O Bd6 11. e4 cxd4 12. cxd4 Bc7 13. e5 Qe7 14. Nb3 Bd7 15.
Qc1 O-O-O 16. a4 Qb4 17. Nc5 Nxd4 18. Kh1 Nxb5 19. axb5 Bxb5 20. Rxa7 Bxf1 21.
Ra8+ Bb8 22. Ra4 Qb6 23. b3 Bc4 24. Nd3 Qxb3 25. Ra3 Qb6 26. Nxf4 Qf2 27. Rc3
Rhg8 28. Rc2 Qc5 29. Nh5 Ba7 30. Nf6 Rg6 31. Ne4 Qe3 0-1

[Event "Open A"]
[Site "Panevezys"]
[Date "2009.08.21"]
[Round "7.5"]
[White "Lomonosovas, Vitalijus"]
[Black "Jakovlev, Juri"]
[Result "1/2-1/2"]
[WhiteElo "2115"]
[BlackElo "2113"]
[PlyCount "85"]
[EventDate "2009.08.??"]

1. Nf3 Nf6 2. d4 d5 3. e3 g6 4. c4 Bg7 5. Nc3 O-O 6. b3 c5 7. Be2 b6 8. O-O Bb7
9. Bb2 Nbd7 10. a4 Rc8 11. a5 bxa5 12. Ne5 Nxe5 13. dxe5 Nd7 14. cxd5 Nxe5 15.
e4 c4 16. Na4 f5 17. f4 Nd3 18. Bxg7 Kxg7 19. bxc4 fxe4 20. Bxd3 exd3 21. Qxd3
Rf6 22. Qd4 Qc7 23. c5 Kg8 24. Rae1 Rcf8 25. Re5 h6 26. g3 g5 27. f5 Qd7 28.
Rfe1 Rxf5 29. Rxe7 Rf1+ 30. Rxf1 Rxf1+ 31. Kxf1 Qxe7 32. c6 Ba6+ 33. Kg2 Qe2+
34. Qf2 Qe4+ 35. Qf3 Qxa4 36. d6 Qc2+ 37. Kh3 Qc1 38. Qd5+ Kg7 39. Qe5+ Kg6 40.
Qe6+ Kg7 41. Qe7+ Kg6 42. Qe6+ Kg7 43. Qe7+ 1/2-1/2

[Event "Open A"]
[Site "Panevezys"]
[Date "2009.08.21"]
[Round "7.6"]
[White "Rogule, Laura"]
[Black "Kasperavicius, Jokubas"]
[Result "1-0"]
[WhiteElo "2255"]
[BlackElo "1972"]
[PlyCount "51"]
[EventDate "2009.08.??"]

1. c4 e6 2. Nc3 d5 3. d4 Nf6 4. Bg5 Nbd7 5. e3 c6 6. cxd5 exd5 7. Bd3 Be7 8.
Qc2 O-O 9. Nge2 Re8 10. O-O Nf8 11. f3 h6 12. Bh4 Ne6 13. Rad1 Qa5 14. Kh1 Ng4
15. Bh7+ Kh8 16. fxg4 Bxh4 17. Rxf7 Ng5 18. Rxg7 Kxg7 19. Qg6+ Kh8 20. Qxe8+
Kxh7 21. Rf1 Qc7 22. Rf8 Qg7 23. Nf4 Bf5 24. Qxa8 Be4 25. Nxe4 Nxe4 26. Qe8 1-0

[Event "Open A"]
[Site "Panevezys"]
[Date "2009.08.21"]
[Round "7.7"]
[White "Beinoraite, Viktorija"]
[Black "Latinis, Marius"]
[Result "0-1"]
[WhiteElo "2072"]
[BlackElo "1967"]
[PlyCount "118"]
[EventDate "2009.08.??"]

1. d4 g6 2. c4 Bg7 3. Nc3 c5 4. Nf3 cxd4 5. Nxd4 Nc6 6. Nc2 Nf6 7. e4 O-O 8.
Be2 d6 9. O-O Be6 10. Bd2 Rc8 11. Rc1 a6 12. b3 b6 13. f4 b5 14. f5 Bd7 15.
cxb5 axb5 16. Bxb5 Nxe4 17. Nxe4 Qb6+ 18. Be3 Qxb5 19. f6 Bxf6 20. Rxf6 Qe5 21.
Rf4 Bf5 22. Qf3 Nd8 23. Ne1 Rxc1 24. Bxc1 Ne6 25. Rxf5 Qxf5 26. Qe3 Rc8 27. Bb2
Qf4 28. Qd3 d5 29. Nc3 d4 30. Nd5 Qd6 31. Qb5 Rd8 32. Nb4 Rb8 33. Qe2 Qxb4 34.
Nd3 Qd6 35. Qe4 Rd8 36. b4 Qd5 37. Qxd5 Rxd5 38. a4 Nc7 39. Kf2 e5 40. b5 Nxb5
41. axb5 Rxb5 42. Bc1 f5 43. g4 Kf7 44. Bh6 e4 45. Ne1 Rb2+ 46. Kg3 Re2 47. Ng2
d3 48. gxf5 gxf5 49. Ne3 d2 50. Nd1 Re1 51. Nc3 d1=Q 52. Nxd1 Rxd1 53. h4 Rf1
54. Kg2 Rf3 55. Bg5 Kg6 56. Bd2 Kh5 57. Bg5 Kg4 58. Bd2 f4 59. Ba5 Kxh4 0-1

[Event "Open A"]
[Site "Panevezys"]
[Date "2009.08.21"]
[Round "7.10"]
[White "Bieliauskas, Marius"]
[Black "Grybas, Gintaras"]
[Result "1-0"]
[WhiteElo "2144"]
[BlackElo "2060"]
[PlyCount "125"]
[EventDate "2009.08.??"]

1. d4 Nf6 2. c4 e6 3. Nc3 Bb4 4. Qc2 b6 5. a3 Bxc3+ 6. Qxc3 Bb7 7. Bg5 h6 8.
Bh4 d6 9. f3 Nbd7 10. e4 e5 11. Bf2 Qe7 12. d5 g5 13. Ne2 Nh5 14. b4 Ng7 15.
Nc1 f5 16. Bd3 c6 17. dxc6 Bxc6 18. exf5 Qf7 19. h4 g4 20. fxg4 h5 21. g5 Nxf5
22. O-O Qe6 23. Nb3 O-O 24. Rae1 Nxh4 25. Be4 Bxe4 26. Rxe4 Ng6 27. Nd4 Qe7 28.
Nf3 Qe6 29. Bg3 d5 30. cxd5 Qxd5 31. Qc4 Qxc4 32. Rxc4 Rac8 33. Rfc1 Rxc4 34.
Rxc4 Kf7 35. Rc7 Ke6 36. Rc6+ Kf5 37. Rd6 Rf7 38. a4 Ndf8 39. Rd5 Ke4 40. Rb5
Re7 41. a5 Re6 42. Bf2 bxa5 43. bxa5 a6 44. Rb4+ Kd5 45. Be3 Nd7 46. Nh4 Ndf8
47. Nf5 Rc6 48. Ng7 h4 49. Nf5 Rc4 50. Rb6 Rc6 51. Rb4 Rc4 52. Rb8 Ra4 53. Bd2
Ra1+ 54. Kh2 Ra2 55. Nxh4 Ne6 56. Nxg6 Rxd2 57. Nf8 e4 58. Nxe6 Kxe6 59. Re8+
Kf5 60. g6 Kxg6 61. Rxe4 Kf5 62. Rh4 Ra2 63. Rh6 1-0

[Event "Open A"]
[Site "Panevezys"]
[Date "2009.08.21"]
[Round "7.11"]
[White "Petraitis, Gintautas"]
[Black "Rogulis, Uldis"]
[Result "1-0"]
[WhiteElo "2028"]
[BlackElo "1846"]
[PlyCount "63"]
[EventDate "2009.08.??"]

1. f4 d5 2. b3 Nf6 3. Nf3 c5 4. e3 Nc6 5. Bb2 e6 6. Be2 Be7 7. O-O O-O 8. Ne5
Qc7 9. d3 b6 10. Nd2 Bb7 11. Ndf3 Rad8 12. Qe1 Nb4 13. Qd2 Nc6 14. g4 Bd6 15.
g5 Nd7 16. d4 cxd4 17. exd4 f6 18. gxf6 gxf6 19. Nd3 Ba6 20. f5 Bxd3 21. Bxd3
e5 22. Bb5 e4 23. Nh4 Kh8 24. Qh6 Rf7 25. Kh1 Ne7 26. Rg1 Bf4 27. Qh5 Rdf8 28.
Ba3 Bd6 29. Bxd6 Qxd6 30. Rg3 Nb8 31. Rag1 a6 32. Be8 1-0

[Event "Open A"]
[Site "Panevezys"]
[Date "2009.08.21"]
[Round "7.12"]
[White "Kuvsinov, Anatolij"]
[Black "Rimeikis, Andrius"]
[Result "1-0"]
[WhiteElo "1984"]
[BlackElo "1988"]
[PlyCount "98"]
[EventDate "2009.08.??"]

1. e4 e5 2. Nf3 Nc6 3. Bb5 a6 4. Ba4 Nf6 5. Qe2 b5 6. Bb3 Bc5 7. c3 O-O 8. O-O
d6 9. h3 h6 10. d3 Be6 11. Be3 Bxe3 12. Qxe3 Qd7 13. Nbd2 Rfe8 14. d4 Bxb3 15.
axb3 exd4 16. Nxd4 d5 17. Nxc6 Qxc6 18. e5 Nd7 19. f4 f6 20. Nf3 fxe5 21. Nxe5
Nxe5 22. fxe5 Re6 23. Rae1 Rae8 24. Qf4 Qc5+ 25. Qd4 Qc6 26. Rf3 Qb6 27. Rfe3
Kh8 28. Qxb6 Rxb6 29. Rd1 c6 30. Kf2 Rb7 31. Ra1 Ra7 32. b4 Kg8 33. Ke2 Rae7
34. Rxa6 Rxe5 35. Rxe5 Rxe5+ 36. Kd3 Re6 37. Ra8+ Kf7 38. Kd4 Re4+ 39. Kc5 Rc4+
40. Kb6 d4 41. Ra7+ Kf8 42. Rc7 dxc3 43. bxc3 Rxc3 44. Rxc6 Rg3 45. Kxb5 Rxg2
46. Rc3 Ke7 47. Kc6 Kd8 48. b5 Kc8 49. Kb6+ Kb8 1-0

[Event "Open A"]
[Site "Panevezys"]
[Date "2009.08.21"]
[Round "7.13"]
[White "Vaitonis, Vytautas"]
[Black "Narva, Triin"]
[Result "1-0"]
[WhiteElo "2032"]
[BlackElo "1865"]
[PlyCount "83"]
[EventDate "2009.08.??"]

1. d4 Nf6 2. Nf3 g6 3. Nc3 Bg7 4. e4 d6 5. Be3 O-O 6. h3 Nbd7 7. Qd2 a6 8. a4
Rb8 9. Rd1 b5 10. axb5 axb5 11. b4 Bb7 12. Bd3 Qc8 13. O-O c5 14. dxc5 dxc5 15.
Bxb5 Rd8 16. bxc5 Qc7 17. Bd3 Ra8 18. Rb1 Ba6 19. Bxa6 Rxa6 20. Rfd1 Raa8 21.
Nb5 Qc6 22. Nfd4 Qxe4 23. f3 Qh4 24. Nc6 Rf8 25. Nxe7+ Kh8 26. c6 Ne5 27. Qf2
Qc4 28. c7 Ra5 29. Bb6 Rxb5 30. Rxb5 Ned7 31. Qf1 Qe6 32. c8=Q Rxc8 33. Nxc8
Qc6 34. Ne7 Qe6 35. Re1 Qd6 36. Qd3 Qg3 37. Bf2 Qc7 38. Nd5 Qc8 39. Nxf6 Bxf6
40. Rd5 Nf8 41. Bd4 Bxd4+ 42. Qxd4+ 1-0

[Event "Open A"]
[Site "Panevezys"]
[Date "2009.08.21"]
[Round "7.14"]
[White "Tsiganova, Monika"]
[Black "Kviliunas, Vladislovas"]
[Result "1-0"]
[WhiteElo "2190"]
[BlackElo "1908"]
[PlyCount "33"]
[EventDate "2009.08.??"]

1. e4 c6 2. d4 d5 3. e5 Bf5 4. Nf3 e6 5. Be2 c5 6. c4 Bxb1 7. Rxb1 cxd4 8. O-O
Nc6 9. Qa4 Bc5 10. b4 Be7 11. cxd5 exd5 12. Nxd4 Kf8 13. Nxc6 bxc6 14. Qxc6 Rc8
15. Qa6 h5 16. Be3 Nh6 17. Rfd1 1-0

[Event "Open A"]
[Site "Panevezys"]
[Date "2009.08.21"]
[Round "7.15"]
[White "Rudys, Mantas"]
[Black "Plunge, Gintautas"]
[Result "0-1"]
[WhiteElo "1799"]
[BlackElo "2130"]
[PlyCount "78"]
[EventDate "2009.08.??"]

1. e4 c6 2. d4 d5 3. Nc3 dxe4 4. Nxe4 Nd7 5. Nf3 Ngf6 6. Bd3 Nxe4 7. Bxe4 Nf6
8. Bd3 e6 9. O-O Be7 10. b3 O-O 11. c4 c5 12. Bb2 b6 13. dxc5 Bxc5 14. Qc2 h6
15. Rad1 Qe7 16. Be4 Nxe4 17. Qxe4 Bb7 18. Qf4 Bxf3 19. Qxf3 Rad8 20. g3 Rxd1
21. Rxd1 Rd8 22. Kg2 Rxd1 23. Qxd1 Qd6 24. Qxd6 Bxd6 25. Bd4 e5 26. Be3 f5 27.
a4 Bc5 28. h3 Kf7 29. g4 fxg4 30. hxg4 Bxe3 31. fxe3 a5 32. Kf3 Ke6 33. e4 g6
34. Kg3 Kd6 35. Kh4 Kc5 36. g5 h5 37. Kg3 Kb4 38. Kf3 Kxb3 39. c5 bxc5 0-1